Normal view MARC view
  • NAGARAJAN , K

Entry Corporate Name

Number of records used in: 1

001 - CONTROL NUMBER

  • control field: 6698

003 - CONTROL NUMBER IDENTIFIER

  • control field: OSt

005 - DATE AND TIME OF LATEST TRANSACTION

  • control field: 20210826111601.0

008 - FIXED-LENGTH DATA ELEMENTS

  • fixed length control field: 210826|| aca||aabn | a|a d

040 ## - CATALOGING SOURCE

  • Original cataloging agency: OSt
  • Transcribing agency: OSt

110 ## - HEADING--CORPORATE NAME

  • Corporate name or jurisdiction name as entry element: NAGARAJAN , K

670 ## - SOURCE DATA FOUND

  • Source citation: Work cat.: (OSt)6253: NAGARAJAN , K, Sure shot MCQ;s in BioChemistry Including Laboratory Manual, 2019